Dun & Bradstreet country report : Ghana..
| Format: | Book |
|---|---|
| Published: |
High Wycombe:
Dun & Bradstreet,
1995.
|
| Subjects: |
| LEADER | 00444cam a2200157 7i4500 | ||
|---|---|---|---|
| 001 | 0000004042 | ||
| 005 | 19991025090000.0 | ||
| 002 | ##000005489 | ||
| 020 | 0 | 0 | |a T000004688 |
| 090 | 0 | 0 | |a GHAN 338.9 |b DUN |
| 245 | 0 | 0 | |a Dun & Bradstreet country report : |b Ghana.. |
| 260 | 0 | 0 | |a High Wycombe: |b Dun & Bradstreet, |c 1995. |
| 300 | 0 | 0 | |a 50 p.. |
| 650 | 0 | 0 | |a Country report -- |z Ghana |
| 651 | 0 | 0 | |a Ghana |
| 999 | |a 0000006730 |b Book |c Open shelf |e Business Information Centre | ||